000 00668cam a22002174a 4500
005 20250605163939.0
008 250528s ||||||||||||||||||||||||d
035 _a14956
020 _a33509662
040 _aGR-AtMCL
_bgre
_dGR-AtMCL
_eAACR2
245 1 _aUnderstanding Data / Second Edition
250 _a2nd
260 _bOpen University Press,
_c1992
300 _a390
520 _aUnderstanding Data, Exploratory Batch Analysis, From Exploration to Confirmation, Y and X Analysis, Using Two Independent Variables, References, Index.
700 1 _aErickson H. B
_9770
700 1 _aNosanchuk A. T
_9771
942 _cBK
999 _c565
_d565